Elementary principles of chemical processes (Record no. 25348)

000 -LEADER
fixed length control field 00647nam a2200217 a 4500
001 - CONTROL NUMBER
control field 25348
003 - CONTROL NUMBER IDENTIFIER
control field BD-DhUET
008 - FIXED-LENGTH DATA ELEMENTS--GENERAL INFORMATION
fixed length control field 850517s1986 nyua b 001 0 eng
040 ## - CATALOGING SOURCE
Original cataloging agency DLC
Transcribing agency DLC
Modifying agency BD-DhUET
082 00 - DEWEY DECIMAL CLASSIFICATION NUMBER
Classification number 660.284
Item number FEL/1986
100 ## - MAIN ENTRY--PERSONAL NAME
Personal name Felder, Richard M.
245 10 - TITLE STATEMENT
Title Elementary principles of chemical processes
250 ## - EDITION STATEMENT
Edition statement 2nd ed.
260 ## - PUBLICATION, DISTRIBUTION, ETC. (IMPRINT)
Place of publication, distribution, etc. New York
Name of publisher, distributor, etc. John Wiley & Sons
Date of publication, distribution, etc. 1986
300 ## - PHYSICAL DESCRIPTION
Extent xix, 668 p.
Other physical details ill.
Dimensions 25 cm.
490 ## - SERIES STATEMENT
Series statement Wiley series in chemical engineering
504 ## - BIBLIOGRAPHY, ETC. NOTE
Bibliography, etc Includes bibliographies
650 #0 - SUBJECT ADDED ENTRY--TOPICAL TERM
Topical term or geographic name as entry element Chemical processes, Pressure, Temperature, Energy
700 ## - ADDED ENTRY--PERSONAL NAME
Personal name Rousseau, Ronald W.
942 ## - ADDED ENTRY ELEMENTS (KOHA)
Koha item type General Book
Holdings
Damaged status Sublocation or collection (holding branch) Price effective from Koha date last seen Koha date last borrowed Piece designation (barcode) Lost status Source of classification or shelving scheme Date acquired Shelving location Withdrawn status Koha normalized classification for sorting Location (home branch) Koha item type Not for loan Copy number Koha issues (times borrowed) Koha full call number
 Central Library, BUET2015-05-142022-11-222022-11-2170553  2015-05-14Circulation section 660_284000000000000_FEL_1986Central Library, BUETGeneral Book 11660.284/FEL/1986
 Central Library, BUET2015-05-142017-12-132017-10-1670552  2015-05-14Circulation section 660_284000000000000_FEL_1986Central Library, BUETGeneral Book 21660.284/FEL/1986
 Central Library, BUET2015-06-202015-06-20 68089  2015-06-20Reading section 660_284000000000000_FEL_1986Central Library, BUETReading Item 3 660.284/FEL/1986
 Central Library, BUET2015-06-202015-06-20 68090  2015-06-20Reading section 660_284000000000000_FEL_1986Central Library, BUETReading Item 4 660.284/FEL/1986
 Central Library, BUET2015-06-202015-06-20 68092  2015-06-20Reading section 660_284000000000000_FEL_1986Central Library, BUETReading Item 5 660.284/FEL/1986
 Central Library, BUET2015-06-302015-06-30 68091  2015-06-30Reading section 660_284000000000000_FEL_1986Central Library, BUETReading Item 6 660.284/FEL/1986